Stopy na hranici

Bibliographic Details
Main Author: Chovanec, Ján (Author)
Format: Book
Language:Slovak
PhysicalDescription:137 s.
Published: Bratislava Mladé letá 1963
Edition:1. vyd.
Subjects:

MARC

LEADER 00000cam a2200000 a 4500
001 vtls001485946
003 SK-MaSNL
005 20260302040729.0
008 240313s1963 xo 0 slo
035 |a SNK000441239 
040 |a SNK  |b slo  |c SNK  |e AACR2 
041 |a slo 
044 |a xo  |c SK 
080 |a 82-93-053.2/.6  |2 2011 
100 1 |a Chovanec, Ján  |4 aut  |9 288289 
245 1 |a Stopy na hranici  |c Ján Chovanec 
250 |a 1. vyd. 
260 |a Bratislava  |b Mladé letá  |c 1963 
300 |a 137 s. 
655 7 |a publikácie pre deti a mládež  |2 SNKPH  |9 70541 
852 |a Štátna vedecká knižnica v Banskej Bystrici 
958 |a OND 
999 |c 1075889  |d 1077819 
952 |t P60, <04>, [BOOK], {604}  |a SNK  |b SNK  |y VYP  |7 0  |p 17A0451012  |o snkSD 23406  |i snkKSP 1205/63  |0 0  |1 0  |4 0  |d 2004-11-23  |l 0  |r 2005-01-02 00:00:00  |w 2026-02-24 
952 |a SNKLM  |b SNKLM  |y NEVYP  |7 0  |o snklmMK 3709  |8 3  |0 0  |1 0  |4 0  |d 2006-05-04  |l 0  |r 2026-02-24 16:09:20  |w 2026-02-24